Religion, Culture and Society/ (Record no. 210748)

MARC details
000 -LEADER
fixed length control field 00583nam a22001937a 4500
005 - DATE AND TIME OF LATEST TRANSACTION
control field 20250403151451.0
010 ## - LCCN (DPL NO)
LC control number ENG-144478
020 ## - INTERNATIONAL STANDARD BOOK NUMBER
International Standard Book Number 9789392894084
Terms of availability 1500.00
035 ## - SYSTEM CONTROL NUMBER
System control number EN-128010
037 ## - SOURCE OF ACQUISITION
Source of stock number/acquisition DBAD
082 ## - DEWEY DECIMAL CLASSIFICATION NUMBER
Classification number 210.14
100 ## - MAIN ENTRY--PERSONAL NAME
Personal name Amrita Singh
245 ## - TITLE STATEMENT
Title Religion, Culture and Society/
Statement of responsibility, etc Amrita Singh
250 ## - EDITION STATEMENT
Edition statement 1
260 ## - PUBLICATION, DISTRIBUTION, ETC. (IMPRINT)
Place of publication, distribution, etc New Delhi
Name of publisher, distributor, etc Momentum Publishers Distributors
Date of publication, distribution, etc 2022
270 ## - ADDRESS
Address 22/4735 Prakash Deep Building Ansari Road, Darya Ganj
City New Delhi
Postal code 110002
300 ## - PHYSICAL DESCRIPTION
Extent 289p.
Dimensions 23cm(hbk)
942 ## - ADDED ENTRY ELEMENTS (KOHA)
Source of classification or shelving scheme Dewey Decimal Classification
Item type English Books
Call number suffix AMR
Classification part 210.14
Holdings
Withdrawn status Lost status Not for loan Collection code Home library Current library Date acquired Source of acquisition Cost, normal purchase price Full call number Barcode Copy number Cost, replacement price Koha item type
      Non-fiction Ashok Vihar Ashok Vihar 03/04/2025 Delivery of Books Act Division 1500.00 AMR 210.14 EN-128010 1 1500.00 English Books

© Delhi Public Library
Hit Counter
free hit counter